[Event "Katowice POL-HUN 10th"]
[Site "Katowice"]
[Date "2023.09.10"]
[Round "8"]
[White "Shilov, Sergej"]
[Black "Golubka, Petr"]
[Result "1/2-1/2"]
[WhiteElo "2134"]
[BlackElo "2439"]
[PlyCount "123"]
[EventDate "2023.09.09"]
[EventType "swiss (rapid)"]
[EventRounds "9"]
[EventCountry "POL"]
[SourceTitle "EXT 2024"]
[Source "ChessBase"]
[SourceDate "2023.10.10"]
[SourceVersion "1"]
[SourceVersionDate "2023.10.10"]
[SourceQuality "1"]

1. e4 c5 2. Nf3 d6 3. c3 Nf6 4. e5 dxe5 5. Nxe5 a6 6. d4 e6 7. Bd3 Nbd7 8. 0-0 Bd6 9. Re1 0-0 10. Nd2 Nxe5 11. dxe5 Bxe5 12. Bxh7+ Nxh7 13. Rxe5 b6 14. Qe2 Ra7 15. Nf3 Rd7 16. Be3 Rd6 17. Rh5 Re8 18. Qc2 g6 19. Rh6 e5 20. h4 Kg7 21. Ng5 Nf8 22. Qb3 Be6 23. Qc2 Bf5 24. Qb3 Qd7 25. h5 f6 26. Rh8 Rd5 27. Nh7 c4 28. Qxb6 Nxh7 29. Rxe8 Qxe8 30. h6+ Kg8 31. Qxa6 Be6 32. b4 Rd3 33. b5 Nf8 34. b6 Qc6 35. Qa7 Rd7 36. Qb8 Bd5 37. Rd1 Rb7 38. Qd8 Rd7 39. h7+ Kxh7 40. Qxf8 g5 41. Qe8 Be6 42. Rxd7+ Bxd7 43. Qf7+ Kh6 44. b7 Qxb7 45. Qxf6+ Kh7 46. Qe7+ Kg6 47. Qxg5+ Kf7 48. Qxe5 Qb1+ 49. Kh2 Qxa2 50. Bd4 Qc2 51. Qg7+ Ke6 52. Qe5+ Kf7 53. Qf6+ Ke8 54. Bc5 Qh7+ 55. Kg3 Qg8+ 56. Kf4 Qg4+ 57. Ke5 Qh5+ 58. Kd6 Qh2+ 59. g3 Qh7 60. Kc7 Bc8+ 61. Kxc8 Qc7+ 62. Kxc7 1/2-1/2

[Event "EU-chT Seniors 65"]
[Site "Swidnica"]
[Date "2023.07.18"]
[Round "7.3"]
[White "Janocha, Wieslaw Adam"]
[Black "Shilov, Sergej"]
[Result "1/2-1/2"]
[WhiteElo "2196"]
[BlackElo "2076"]
[PlyCount "50"]
[EventDate "2023.07.12"]
[EventType "team-swiss"]
[EventRounds "9"]
[EventCountry "POL"]
[SourceTitle "CBM 215 Extra"]
[Source "ChessBase"]
[SourceDate "2023.09.30"]
[SourceVersion "1"]
[SourceVersionDate "2023.09.30"]
[SourceQuality "1"]
[WhiteTeam "Lower Silesia 65"]
[BlackTeam "Warsaw 65"]
[WhiteTeamCountry "POL"]
[BlackTeamCountry "POL"]

1. e4 e5 2. Nf3 Nc6 3. d4 exd4 4. Nxd4 Nf6 5. Nxc6 bxc6 6. e5 Qe7 7. Qe2 Nd5 8. c4 Ba6 9. b3 Qh4 10. Bb2 Bb4+ 11. Nd2 Nc3 12. Bxc3 Bxc3 13. 0-0-0 0-0 14. Nf3 Qe7 15. Kc2 Ba5 16. Kb1 f6 17. exf6 Qxf6 18. Qb2 Bc3 19. Qc2 Bc8 20. Bd3 h6 21. a3 Rb8 22. Rc1 Ba5 23. Ka2 c5 24. Be4 d6 25. Rhd1 Kh8 1/2-1/2

[Event "EU-chT Seniors 65"]
[Site "Swidnica"]
[Date "2023.07.17"]
[Round "6.6"]
[White "Schutz, Ingemar"]
[Black "Shilov, Sergej"]
[Result "0-1"]
[WhiteElo "2187"]
[BlackElo "2076"]
[PlyCount "56"]
[EventDate "2023.07.12"]
[EventType "team-swiss"]
[EventRounds "9"]
[EventCountry "POL"]
[SourceTitle "CBM 215 Extra"]
[Source "ChessBase"]
[SourceDate "2023.09.30"]
[SourceVersion "1"]
[SourceVersionDate "2023.09.30"]
[SourceQuality "1"]
[WhiteTeam "Sweden 65"]
[BlackTeam "Warsaw 65"]
[WhiteTeamCountry "SWE"]
[BlackTeamCountry "POL"]

1. e4 e5 2. Nf3 Nf6 3. d4 Nxe4 4. Bd3 d5 5. Nxe5 Nc6 6. Nxc6 bxc6 7. Qe2 Qe7 8. 0-0 Nf6 9. Qf3 Bg4 10. Qg3 0-0-0 11. Bg5 Be6 12. Ba6+ Kb8 13. Bxf6 gxf6 14. Qb3+ Qb4 15. Qxb4+ Bxb4 16. c3 Bd6 17. b4 Rhg8 18. Be2 Bh3 19. Bf3 Rxg2+ 20. Bxg2 Rg8 21. f4 Rxg2+ 22. Kh1 Re2 23. Rg1 Bxf4 24. Rg8+ Kb7 25. Na3 Bg5 26. Rg1 Bf5 27. Rd1 Rxa2 28. Nb1 Ra1 0-1

[Event "EU-chT Seniors 65"]
[Site "Swidnica"]
[Date "2023.07.13"]
[Round "2.9"]
[White "Shilov, Sergej"]
[Black "Vadlja, Stjepan"]
[Result "1-0"]
[WhiteElo "2076"]
[BlackElo "1629"]
[PlyCount "49"]
[EventDate "2023.07.12"]
[EventType "team-swiss"]
[EventRounds "9"]
[EventCountry "POL"]
[SourceTitle "CBM 215 Extra"]
[Source "ChessBase"]
[SourceDate "2023.09.30"]
[SourceVersion "1"]
[SourceVersionDate "2023.09.30"]
[SourceQuality "1"]
[WhiteTeam "Warsaw 65"]
[BlackTeam "Mursko Sredisce 65"]
[WhiteTeamCountry "POL"]
[BlackTeamCountry "CRO"]

1. e4 e6 2. d4 d5 3. Nc3 dxe4 4. Nxe4 Nf6 5. Bg5 Be7 6. Bxf6 Bxf6 7. Nf3 Bd7 8. Bd3 Bc6 9. c3 Nd7 10. Qe2 a6 11. 0-0-0 Rb8 12. Kb1 Ba4 13. Rd2 Bc6 14. g4 Be7 15. Re1 h6 16. Rdd1 Bxe4 17. Bxe4 Nf6 18. Bc2 Nd5 19. Ne5 Bf6 20. Nxf7 Kxf7 21. Qxe6+ Kf8 22. Bg6 Qe7 23. Qxd5 Rd8 24. Rxe7 Rxd5 25. Re8# 1-0

[Event "Warsaw Najdorf Memorial op-A"]
[Site "Warsaw"]
[Date "2022.07.12"]
[Round "4"]
[White "Shilov, Sergej"]
[Black "Rozumek, Krzysztof"]
[Result "1/2-1/2"]
[WhiteElo "2048"]
[BlackElo "1801"]
[PlyCount "93"]
[EventDate "2022.07.09"]
[EventType "swiss"]
[EventRounds "9"]
[EventCountry "POL"]
[SourceTitle "CBM 209 Extra"]
[Source "ChessBase"]
[SourceDate "2022.09.30"]
[SourceVersion "1"]
[SourceVersionDate "2022.09.30"]
[SourceQuality "1"]

1. e4 c6 2. Nc3 d5 3. Nf3 Nf6 4. e5 Ne4 5. d3 Nxc3 6. bxc3 e6 7. d4 c5 8. dxc5 Bxc5 9. Bd3 Nc6 10. 0-0 h6 11. Qe2 Qc7 12. Be3 b6 13. Nd4 Bxd4 14. Bxd4 Nxd4 15. cxd4 Qc3 16. Qe3 Bd7 17. Qg3 g6 18. Qf4 Rc8 19. a4 Rf8 20. Qxh6 Qxd4 21. Qg5 Rh8 22. Qf6 Qh4 23. Qxh4 Rxh4 24. f4 Rc5 25. g3 Rh8 26. Rfb1 Ke7 27. a5 b5 28. a6 Rb8 29. Kf2 Rb6 30. Ke3 Rc8 31. h4 Rc7 32. Kd4 Bc8 33. Rxb5 Rxb5 34. Bxb5 Rxc2 35. Ra3 Rb2 36. Bd3 Rb6 37. Kc5 Bd7 38. g4 Kf8 39. Ra1 Bc8 40. Ra4 Kg7 41. Bb5 Rxb5+ 42. Kxb5 Bd7+ 43. Kb4 Bxa4 44. Kxa4 Kh6 45. Kb5 Kg7 46. Kc5 Kh6 47. Kd4 1/2-1/2

[Event "Warsaw Najdorf Memorial op-A"]
[Site "Warsaw"]
[Date "2022.07.11"]
[Round "3"]
[White "Nowak, Lukasz1111"]
[Black "Shilov, Sergej"]
[Result "1/2-1/2"]
[WhiteElo "2327"]
[BlackElo "2048"]
[PlyCount "104"]
[EventDate "2022.07.09"]
[EventType "swiss"]
[EventRounds "9"]
[EventCountry "POL"]
[SourceTitle "CBM 209 Extra"]
[Source "ChessBase"]
[SourceDate "2022.09.30"]
[SourceVersion "1"]
[SourceVersionDate "2022.09.30"]
[SourceQuality "1"]

1. d4 d5 2. c4 c6 3. cxd5 cxd5 4. Bf4 Nc6 5. e3 Nf6 6. Nc3 a6 7. Be2 Bf5 8. Nf3 e6 9. Qb3 Bd6 10. Bxd6 Qxd6 11. Qxb7 0-0 12. Qb3 Rfb8 13. Qa3 Qb4 14. Qxb4 Nxb4 15. 0-0 Nc2 16. Rab1 Ne4 17. Nxe4 Bxe4 18. Nd2 Bg6 19. b3 Nb4 20. Rb2 Rc8 21. Nf3 f6 22. Ne1 Rc3 23. h4 h6 24. g3 a5 25. Ng2 Be4 26. Rd1 Rac8 27. f3 Bh7 28. Kf2 g5 29. Ne1 Kf7 30. Rdd2 Ke7 31. a3 Nc2 32. Nxc2 Bxc2 33. Bd1 Bxd1 34. Rxd1 gxh4 35. gxh4 Rc2+ 36. Rd2 Rxd2+ 37. Rxd2 Rc1 38. Rb2 Ra1 39. a4 Kd6 40. b4 Rxa4 41. bxa5 Rxa5 42. Rb7 Ra2+ 43. Kg3 Re2 44. Rf7 Rxe3 45. Rxf6 Rd3 46. Rxh6 Rxd4 47. h5 Rd1 48. Rh8 Ke5 49. h6 Kf6 50. h7 Kg7 51. Re8 Kxh7 52. Rxe6 Rd4 1/2-1/2

[Event "Warsaw Maciei Memorial"]
[Site "Warsaw"]
[Date "2022.07.08"]
[Round "5"]
[White "Chiszko, Oskar"]
[Black "Shilov, Sergej"]
[Result "1-0"]
[WhiteElo "1446"]
[BlackElo "2048"]
[PlyCount "55"]
[EventDate "2022.07.08"]
[EventType "swiss (blitz)"]
[EventRounds "11"]
[EventCountry "POL"]
[SourceTitle "CBM 209 Extra"]
[Source "ChessBase"]
[SourceDate "2022.09.30"]
[SourceVersion "1"]
[SourceVersionDate "2022.09.30"]
[SourceQuality "1"]

1. e4 d6 2. d4 Nf6 3. Bd3 e5 4. d5 g6 5. Ne2 Bg7 6. c4 0-0 7. Nbc3 Nbd7 8. Be3 Ng4 9. Qd2 Nxe3 10. Qxe3 Nc5 11. Bc2 a5 12. 0-0-0 f5 13. f3 Bd7 14. Rhg1 Qh4 15. g3 Qh5 16. exf5 gxf5 17. Kb1 Kh8 18. f4 Rae8 19. Qf2 a4 20. Rde1 b6 21. h3 Qxh3 22. Rh1 Qg4 23. Rh4 Qg6 24. g4 exf4 25. Reh1 h6 26. Nxf4 Qg5 27. Rh5 Qe7 28. Ng6+ 1-0

[Event "Warsaw Maciei Memorial"]
[Site "Warsaw"]
[Date "2022.07.08"]
[Round "9"]
[White "Kutowski, Marcel"]
[Black "Shilov, Sergej"]
[Result "0-1"]
[WhiteElo "1961"]
[BlackElo "2048"]
[PlyCount "76"]
[EventDate "2022.07.08"]
[EventType "swiss (blitz)"]
[EventRounds "11"]
[EventCountry "POL"]
[SourceTitle "CBM 209 Extra"]
[Source "ChessBase"]
[SourceDate "2022.09.30"]
[SourceVersion "1"]
[SourceVersionDate "2022.09.30"]
[SourceQuality "1"]

1. e4 d6 2. d4 Nf6 3. Nc3 c6 4. Nf3 Qa5 5. Bd3 e5 6. h3 Nbd7 7. 0-0 Be7 8. Bd2 Qc7 9. Qe2 0-0 10. Rad1 b5 11. a3 a6 12. dxe5 dxe5 13. Nh4 Nc5 14. Nf5 Bxf5 15. exf5 Rad8 16. Bg5 h6 17. Bxf6 Bxf6 18. Ne4 Qe7 19. b4 Nxe4 20. Bxe4 c5 21. c3 Qc7 22. Qf3 cxb4 23. axb4 a5 24. bxa5 Qxa5 25. Rb1 Rc8 26. Rb3 Rc5 27. Rfb1 Rfc8 28. Qe2 Rxc3 29. Rxb5 Rc1+ 30. Kh2 Qd8 31. Rxc1 Rxc1 32. Rb7 Qd1 33. Qa2 Qg1+ 34. Kg3 Rc3+ 35. Bf3 Rc8 36. Qxf7+ Kh8 37. Qe6 Qc1 38. Bd5 Qf4# 0-1

[Event "Warsaw Maciei Memorial"]
[Site "Warsaw"]
[Date "2022.07.08"]
[Round "4"]
[White "Shilov, Sergej"]
[Black "Dalkowski, Rafal"]
[Result "1-0"]
[WhiteElo "2048"]
[BlackElo "2120"]
[PlyCount "95"]
[EventDate "2022.07.08"]
[EventType "swiss (blitz)"]
[EventRounds "11"]
[EventCountry "POL"]
[SourceTitle "CBM 209 Extra"]
[Source "ChessBase"]
[SourceDate "2022.09.30"]
[SourceVersion "1"]
[SourceVersionDate "2022.09.30"]
[SourceQuality "1"]

1. e4 c5 2. f4 g6 3. Nf3 Bg7 4. Bc4 e6 5. f5 gxf5 6. exf5 d5 7. Bb5+ Bd7 8. a4 a6 9. Bxd7+ Qxd7 10. 0-0 Nc6 11. fxe6 fxe6 12. d3 0-0-0 13. c3 Nge7 14. d4 cxd4 15. cxd4 Nf5 16. Bg5 Rde8 17. Nc3 Nfxd4 18. Kh1 Nxf3 19. Qxf3 Rhf8 20. Qd3 h6 21. Bf4 Be5 22. Ne2 Bd6 23. Rac1 Kb8 24. Bxh6 Rxf1+ 25. Rxf1 Rh8 26. Bf4 e5 27. Bg3 Bc7 28. Qf5 Qg7 29. Qf7 Qg4 30. Qf3 Qc8 31. Qxd5 Ka8 32. Nc3 Qg4 33. Qe4 Qxg3 34. Rf8+ Rxf8 35. hxg3 Bb6 36. Qh7 Nd4 37. Kh2 Ne6 38. Nd5 Bd4 39. g4 Ng5 40. Qg7 Ne6 41. Qe7 Rh8+ 42. Kg3 Nc5 43. Kf3 e4+ 44. Ke2 Rh2 45. Qd8+ Ka7 46. Qb6+ Kb8 47. Qd6+ Ka7 48. Qxh2 1-0

[Event "Warsaw Maciei Memorial"]
[Site "Warsaw"]
[Date "2022.07.08"]
[Round "8"]
[White "Shilov, Sergej"]
[Black "Janik, Igor"]
[Result "0-1"]
[WhiteElo "2048"]
[BlackElo "2519"]
[PlyCount "119"]
[EventDate "2022.07.08"]
[EventType "swiss (blitz)"]
[EventRounds "11"]
[EventCountry "POL"]
[SourceTitle "CBM 209 Extra"]
[Source "ChessBase"]
[SourceDate "2022.09.30"]
[SourceVersion "1"]
[SourceVersionDate "2022.09.30"]
[SourceQuality "1"]

1. e4 c6 2. d4 d5 3. exd5 cxd5 4. c4 Nf6 5. Nc3 e6 6. Nf3 Bb4 7. cxd5 Nxd5 8. Bd2 Nxc3 9. bxc3 Bd6 10. Bd3 Nd7 11. 0-0 Qc7 12. Qe2 0-0 13. Qe4 g6 14. Qh4 Re8 15. Rfe1 Be7 16. Bg5 Nf8 17. Rac1 b6 18. Qh6 Bb7 19. Bf4 Bd6 20. Bxd6 Qxd6 21. Ne5 Qe7 22. Re3 f6 23. Ng4 Qg7 24. Qf4 f5 25. Nh6+ Kh8 26. Qg5 Qe7 27. Rce1 Rac8 28. c4 Rcd8 29. d5 Rd6 30. h4 Qxg5 31. Nf7+ Kg7 32. Nxg5 Kf6 33. f4 h6 34. Nf3 Red8 35. Bf1 exd5 36. Re7 R6d7 37. Rxd7 Rxd7 38. cxd5 Bxd5 39. Ne5 Re7 40. a3 Nd7 41. Nxd7+ Rxd7 42. Rd1 Be6 43. Re1 Rd4 44. g3 Rd2 45. Re3 Bd5 46. Rd3 Rxd3 47. Bxd3 Ke7 48. Kf2 Kd6 49. Ke3 Kc5 50. Bxf5 Bf7 51. Kd3 a5 52. Kc3 b5 53. Bc2 b4+ 54. axb4+ axb4+ 55. Kd2 Kd4 56. f5 Ke5 57. Ke3 Bd5 58. f6 Kxf6 59. Kd4 Bf7 60. Ke3 0-1

[Event "Warsaw Maciei Memorial"]
[Site "Warsaw"]
[Date "2022.07.08"]
[Round "10"]
[White "Shilov, Sergej"]
[Black "Socko, Monika"]
[Result "0-1"]
[WhiteElo "2048"]
[BlackElo "2416"]
[PlyCount "62"]
[EventDate "2022.07.08"]
[EventType "swiss (blitz)"]
[EventRounds "11"]
[EventCountry "POL"]
[SourceTitle "CBM 209 Extra"]
[Source "ChessBase"]
[SourceDate "2022.09.30"]
[SourceVersion "1"]
[SourceVersionDate "2022.09.30"]
[SourceQuality "1"]

1. e4 c6 2. d4 d5 3. exd5 cxd5 4. c4 Nf6 5. Nc3 e6 6. Nf3 Be7 7. cxd5 Nxd5 8. Bd3 Nc6 9. 0-0 0-0 10. Re1 Bf6 11. Bc2 Ndb4 12. Bb3 Nxd4 13. Nxd4 Qxd4 14. Qf3 Nd3 15. Rd1 Ne5 16. Qe2 Qg4 17. f3 Qh5 18. Ne4 Ng6 19. Nxf6+ gxf6 20. Be3 b6 21. Rac1 Qe5 22. Qf2 Kg7 23. Re1 Qh5 24. Rc7 Ba6 25. Bxe6 Rae8 26. Bg4 Qb5 27. Qd2 Rd8 28. Bh6+ Kg8 29. Qc3 Rfe8 30. Rxe8+ Rxe8 31. Bd7 Qf1# 0-1

[Event "Rubinstein Memorial op-C 57th"]
[Site "Polanica Zdroj"]
[Date "2021.08.21"]
[Round "8"]
[White "Gromczak, Dariusz"]
[Black "Shilov, Sergej"]
[Result "1/2-1/2"]
[WhiteElo "1885"]
[BlackElo "2043"]
[PlyCount "45"]
[EventDate "2021.08.14"]
[EventType "swiss"]
[EventRounds "9"]
[EventCountry "POL"]
[SourceTitle "EXT 2023"]
[Source "ChessBase"]
[SourceDate "2022.10.05"]
[SourceVersion "1"]
[SourceVersionDate "2022.10.05"]
[SourceQuality "1"]

1. e4 Nc6 2. Nf3 e5 3. Bc4 Nf6 4. d4 exd4 5. e5 d5 6. Bb5 Ne4 7. Nxd4 Bd7 8. Bxc6 bxc6 9. 0-0 Bc5 10. f3 Ng5 11. Be3 Ne6 12. f4 Bxd4 13. Bxd4 c5 14. Be3 Bb5 15. Rf2 d4 16. Bc1 g6 17. Qf3 d3 18. cxd3 Nd4 19. Qd1 Nf5 20. Nc3 Qxd3 21. Qxd3 Bxd3 22. b3 0-0-0 23. Ba3 1/2-1/2

[Event "Rubinstein Memorial op-C 57th"]
[Site "Polanica Zdroj"]
[Date "2021.08.17"]
[Round "4"]
[White "Krupa, Jerzy"]
[Black "Shilov, Sergej"]
[Result "0-1"]
[WhiteElo "1831"]
[BlackElo "2043"]
[PlyCount "62"]
[EventDate "2021.08.14"]
[EventType "swiss"]
[EventRounds "9"]
[EventCountry "POL"]
[SourceTitle "EXT 2023"]
[Source "ChessBase"]
[SourceDate "2022.10.05"]
[SourceVersion "1"]
[SourceVersionDate "2022.10.05"]
[SourceQuality "1"]

1. e4 c5 2. b3 Nf6 3. e5 Nd5 4. c4 Nc7 5. Bb2 Nc6 6. Nf3 d5 7. cxd5 Nxd5 8. Bc4 Bg4 9. Nc3 e6 10. Ne4 Be7 11. Bb5 Ndb4 12. 0-0 a6 13. Bxc6+ Nxc6 14. h3 Bh5 15. Re1 0-0 16. Bc3 Qd5 17. Ng3 Bg6 18. Qe2 Nd4 19. Bxd4 cxd4 20. Qc4 Qxc4 21. bxc4 Rac8 22. Nxd4 Rxc4 23. Nf3 Rfc8 24. d4 b5 25. Red1 Rc2 26. Nf1 Be4 27. Ne3 Bxf3 28. gxf3 Rb2 29. a4 Bh4 30. Rf1 b4 31. Rab1 Bxf2+ 0-1

[Event "Rubinstein Memorial op-C 57th"]
[Site "Polanica Zdroj"]
[Date "2021.08.14"]
[Round "1"]
[White "Shilov, Sergej"]
[Black "Stoop, Jan"]
[Result "1-0"]
[WhiteElo "2043"]
[BlackElo "1615"]
[PlyCount "77"]
[EventDate "2021.08.14"]
[EventType "swiss"]
[EventRounds "9"]
[EventCountry "POL"]
[SourceTitle "EXT 2023"]
[Source "ChessBase"]
[SourceDate "2022.10.05"]
[SourceVersion "1"]
[SourceVersionDate "2022.10.05"]
[SourceQuality "1"]

1. e4 e5 2. Nc3 Nf6 3. Bc4 Bc5 4. d3 h6 5. f4 d6 6. Nf3 Bg4 7. h3 Bxf3 8. Qxf3 Nc6 9. Bb5 0-0 10. Bxc6 bxc6 11. Bd2 Rb8 12. Na4 Bb4 13. c3 Ba5 14. 0-0 Bb6+ 15. Kh1 Nh7 16. Qg3 Kh8 17. Rad1 f6 18. Bc1 g5 19. fxg5 fxg5 20. Nxb6 cxb6 21. h4 Qe7 22. hxg5 Nxg5 23. Qg4 Kg7 24. Kg1 Qe6 25. Rf5 Rxf5 26. exf5 Qf6 27. d4 exd4 28. Qxd4 d5 29. Bxg5 hxg5 30. Re1 Rf8 31. g4 Rf7 32. Kf2 Qxd4+ 33. cxd4 Rf6 34. b4 a6 35. a4 b5 36. Ra1 Rh6 37. Kg3 Rf6 38. axb5 axb5 39. Rh1 1-0

[Event "Suwalki Warakomska Memorial 5th"]
[Site "Suwalki"]
[Date "2021.08.02"]
[Round "8"]
[White "Shilov, Sergej"]
[Black "Karolczuk, Iwo"]
[Result "1/2-1/2"]
[WhiteElo "2197"]
[BlackElo "2129"]
[PlyCount "58"]
[EventDate "2021.07.27"]
[EventType "swiss"]
[EventRounds "9"]
[EventCountry "POL"]
[SourceTitle "EXT 2022"]
[Source "ChessBase"]
[SourceDate "2021.10.06"]
[SourceVersion "1"]
[SourceVersionDate "2021.10.06"]
[SourceQuality "1"]

1. c4 c5 2. Nc3 g6 3. g3 Bg7 4. Bg2 Nc6 5. a3 a6 6. Rb1 Rb8 7. b4 cxb4 8. axb4 b5 9. cxb5 axb5 10. Nf3 d5 11. d4 Bf5 12. Rb2 Nf6 13. 0-0 Ne4 14. Rb3 0-0 15. Bf4 Rc8 16. Nxb5 Qb6 17. Nc3 Nxc3 18. Rxc3 Qxb4 19. Rb3 Qa4 20. Rb7 Qa6 21. Rb2 Be4 22. Ne5 Nxe5 23. Bxe5 Bxg2 24. Kxg2 Bxe5 25. dxe5 Qc4 26. Rd2 Qe4+ 27. f3 Qxe5 28. Rxd5 Qb2 29. Rd2 Qh8 1/2-1/2

[Event "Suwalki Warakomska Memorial 5th"]
[Site "Suwalki"]
[Date "2021.08.01"]
[Round "7"]
[White "Parol, Pawel"]
[Black "Shilov, Sergej"]
[Result "1/2-1/2"]
[WhiteElo "2144"]
[BlackElo "2197"]
[PlyCount "102"]
[EventDate "2021.07.27"]
[EventType "swiss"]
[EventRounds "9"]
[EventCountry "POL"]
[SourceTitle "CBM 203 Extra"]
[Source "ChessBase"]
[SourceDate "2021.09.30"]
[SourceVersion "1"]
[SourceVersionDate "2021.09.30"]
[SourceQuality "1"]

1. d4 d5 2. c4 e6 3. Nf3 Nf6 4. Nc3 c6 5. e3 Nbd7 6. Bd3 dxc4 7. Bxc4 b5 8. Bd3 a6 9. 0-0 c5 10. e4 cxd4 11. Nxd4 Ne5 12. Bc2 Bc5 13. Nb3 Qxd1 14. Nxd1 Be7 15. Be3 Bb7 16. f3 Rc8 17. Rc1 0-0 18. Bf2 Nh5 19. Ne3 Nf4 20. Rcd1 Bg5 21. Bb1 Rfd8 22. Rxd8+ Rxd8 23. Nc5 Bc8 24. Rd1 Rxd1+ 25. Nxd1 Nc4 26. Bd3 Nxd3 27. Nxd3 Bf6 28. b3 Ne5 29. Nc5 Nc6 30. Kf1 Be5 31. Bg3 Ba1 32. Ke2 Kf8 33. Kd2 Bd4 34. Bf2 Ba1 35. Nc3 Ke7 36. Nd3 f6 37. Bc5+ Kf7 38. Nb4 Nxb4 39. Bxb4 Bb7 40. Kc2 f5 41. exf5 exf5 42. Kb1 Bxc3 43. Bxc3 g5 44. Kc2 g4 45. fxg4 fxg4 46. g3 Be4+ 47. Kb2 Ke6 48. a4 Bd3 49. axb5 Bxb5 50. b4 Kd5 51. Bf6 Ke4 1/2-1/2

[Event "Suwalki Warakomska Memorial 5th"]
[Site "Suwalki"]
[Date "2021.07.31"]
[Round "6"]
[White "Shilov, Sergej"]
[Black "Paszewski, Mateusz"]
[Result "1/2-1/2"]
[WhiteElo "2197"]
[BlackElo "2280"]
[PlyCount "69"]
[EventDate "2021.07.27"]
[EventType "swiss"]
[EventRounds "9"]
[EventCountry "POL"]
[SourceTitle "CBM 203 Extra"]
[Source "ChessBase"]
[SourceDate "2021.09.30"]
[SourceVersion "1"]
[SourceVersionDate "2021.09.30"]
[SourceQuality "1"]

1. d4 d5 2. c4 e6 3. Nc3 Nf6 4. Bg5 c6 5. Nf3 dxc4 6. e4 b5 7. e5 h6 8. Bh4 g5 9. Nxg5 hxg5 10. Bxg5 Nbd7 11. exf6 Bb7 12. a4 Qb6 13. a5 Qa6 14. Be2 0-0-0 15. 0-0 Nc5 16. Bh5 Rh7 17. Qg4 Nd3 18. Bxf7 Rxf7 19. Qxe6+ Rdd7 20. Rfd1 Kd8 21. Re1 Nxe1 22. Rxe1 Bd6 23. Qe8+ Kc7 24. Re7 Rfxe7 25. fxe7 Bxe7 26. Bxe7 Qxa5 27. h4 Qa1+ 28. Kh2 Qxb2 29. Bf6 Qxc3 30. Be5+ Kb6 31. Qxd7 Qd2 32. Qd6 Qxf2 33. Qc5+ Ka6 34. Bg3 Qf6 35. Kg1 1/2-1/2

[Event "Rubinstein Memorial-B 55th"]
[Site "Polanica Zdroj"]
[Date "2019.08.17"]
[Round "1"]
[White "Shilov, Sergej"]
[Black "Tomalak, Stanislaw"]
[Result "1-0"]
[WhiteElo "2129"]
[BlackElo "1694"]
[PlyCount "24"]
[EventDate "2019.08.17"]
[EventType "swiss"]
[EventRounds "9"]
[EventCountry "POL"]
[SourceTitle "EXT 2020"]
[Source "ChessBase"]
[SourceDate "2019.10.17"]
[SourceVersion "1"]
[SourceVersionDate "2019.10.17"]
[SourceQuality "1"]

1. e4 e5 2. Nc3 Nf6 3. Bc4 Nxe4 4. Qh5 Nd6 5. Bb3 Be7 6. Nf3 Nc6 7. Ne4 0-0 8. Nxd6 cxd6 9. h4 Qe8 10. Ng5 h6 11. Qg6 Bxg5 12. hxg5 Qe6 1-0

[Event "SVK-ch 50"]
[Site "Tatranske Matliare"]
[Date "2019.05.29"]
[Round "6"]
[White "Profant, Jan1111"]
[Black "Shilov, Sergej"]
[Result "0-1"]
[WhiteElo "1871"]
[BlackElo "2113"]
[PlyCount "78"]
[EventDate "2019.05.25"]
[EventType "swiss"]
[EventRounds "9"]
[EventCountry "SVK"]
[SourceTitle "CBM 190 Extra"]
[Source "ChessBase"]
[SourceDate "2019.07.15"]
[SourceVersion "1"]
[SourceVersionDate "2019.07.15"]
[SourceQuality "1"]

1. c4 e5 2. g3 f5 3. Nc3 Bb4 4. Qc2 d6 5. Qa4+ Nc6 6. Nd5 Bc5 7. b4 Bd4 8. Rb1 Bd7 9. e3 Bb6 10. Qc2 Nf6 11. a4 a5 12. Nxb6 cxb6 13. bxa5 bxa5 14. Ba3 Nb4 15. Bxb4 axb4 16. Rxb4 Bc6 17. f3 Qa5 18. Rb1 0-0 19. Bg2 d5 20. Qxf5 dxc4 21. Qe6+ Kh8 22. Qxc4 Rfd8 23. Qb4 Qxa4 24. Qxa4 Rxa4 25. Ne2 Ra2 26. Rd1 Rc2 27. Rf1 b5 28. Bh3 b4 29. Bf5 Rb2 30. Nc1 e4 31. d4 exf3 32. Rf2 Rxf2 33. Kxf2 g6 34. Bc2 Ng4+ 35. Ke1 f2+ 36. Ke2 Bg2 37. Bb3 Rf8 38. Na2 f1Q+ 39. Rxf1 Bxf1+ 0-1